logo

HISTORIA DE ESPAÑA MENEDEZ PIDAL TOMO XXXVIII LA ESPAÑA DE ALFONSO XIII EL ESTADO Y LA POLITICA (1902-1931) (Record no. 73851)

MARC details
000 -CABECERA
campo de control de longitud fija 00681nam a2200181Ia 4500
001 - NÚMERO DE CONTROL
campo de control 27990
005 - FECHA Y HORA DE LA ÚLTIMA TRANSACCIÓN
campo de control 20260414093213.0
008 - CÓDIGOS DE INFORMACIÓN DE LONGITUD FIJA
campo de control de longitud fija 260115s9999 xx 000 0 und d
035 ## - NÚMERO DE CONTROL DEL SISTEMA
Número de control de sistema 4253
090 ## - LOCALMENTE ASIGNADO TIPO-LC NÚMERO DE CLASIFICACIÓN (OCLC); NÚMERO DE CLASIFICACIÓN LOCAL (RLIN)
Número de clasificación (OCLC) (R) ; Numero de clasificación CALL (RLIN) (NR) 94(460)
100 ## - PUNTO DE ACCESO PRINCIPAL - NOMBRE DE PERSONA
Nombre de persona SECO SERRANO CARLOS
245 #0 - MENCIÓN DE TÍTULO
Título HISTORIA DE ESPAÑA MENEDEZ PIDAL TOMO XXXVIII LA ESPAÑA DE ALFONSO XIII EL ESTADO Y LA POLITICA (1902-1931)
260 ## - PUBLICACIÓN, DISTRIBUCIÓN, ETC. (PIE DE IMPRENTA)
Nombre del editor distribuidor etc. ESPASA CALPE
Fecha de publicación distribución etc. 1995
630 ## - PUNTO DE ACCESO ADICIONAL DE MATERIA--TÍTULO UNIFORME
Título uniforme HISTORIA DE ESPAÑA
650 ## - PUNTO DE ACCESO ADICIONAL DE MATERIA--TÉRMINO DE MATERIA
Término de materia o nombre geográfico como elemento inicial HISTORIA DE ESPAÑA
942 ## - ELEMENTOS DE PUNTO DE ACCESO ADICIONAL (KOHA)
Tipo de ítem Koha Monografías
901 ## - ELEMENTOS DE DATOS A LOCAL LDA (RLIN)
a FH
b FH
y BK
p SEH_27990
i 2222
j 94(460)
c HISTORIA
t 1
z VOLUMEN I: DE LOS COMIENZOS DEL REINADO A LOS PROBLEMAS DE POSGUERRA (1902-1922), VOLUMEN II: DEL PLANO INCLINADO HACIA LA
x 1
Holdings
Estado de retiro Estado de pérdida Estado dañado No para préstamo Localización permanente Ubicación/localización actual Ubicación en estantería Fecha de adquisición Número de inventario Número de registro Total de préstamos Código de barras Fecha visto por última vez Número de copia Precio válido a partir de Tipo de ítem Koha Nota pública
        Servicio de Estudios Históricos Servicio de Estudios Históricos   14/04/2026 2222 2222   SEH_27990 14/04/2026 1 14/04/2026 Monografías VOLUMEN I: DE LOS COMIENZOS DEL REINADO A LOS PROBLEMAS DE POSGUERRA (1902-1922), VOLUMEN II: DEL PLANO INCLINADO HACIA LA